000
00330nam a2200121Ia 4500
008
151001s9999||||xx |||||||||||||| ||und||
100
_a
H. Martineau
245
_a
Feats on the Fiord
250
_a
1
260
_b
g.bell & sons
300
_a
158
365
_b
7
999
_c
949830
_d
949827